000 00743nam a2200217Ii 4500
003 JO-AjNU
008 230605s9999||||xx |||||||||||||| ||und||
017 _a1995/9553
020 _a977-215-169-3
040 _aJO-AjNU
_bara
_erda
_cJO-AjNU
041 _aara
050 1 4 _aHD6955.1996
100 3 _aلطفي، طلعت ابراهيم,
_eauthor
_937632
245 0 0 _aعلم الاجتماع الصناعي
264 3 1 _aالقاهرة:دار غريب للطباعة والنشر والتوزيع،1996
300 _a191ص
_bببليوجرافية : ص. 183-191.
336 _atext
_btxt
_2rdacontent
337 _aunmediated
_bn
_2rdamedia
338 _avolume
_bnc
_2rdacarrier
650 4 _aعلم الاجتماع الصناعي
_937633
999 _aA15741
_c19309
_d19309